| 000 | 00656nam a2200229 a 4500 | ||
|---|---|---|---|
| 001 | 13419 | ||
| 003 | BD-JhCC | ||
| 005 | 20230923121024.0 | ||
| 008 | 230917b2018 bg |||| ||a| 000 0 b d | ||
| 020 | _a9789844290358 | ||
| 035 | _a(BD-JhCC)13419 | ||
| 040 |
_aBD-JhCC _dBD-JhCC |
||
| 041 | _abengali | ||
| 082 | _bMUS 2018 | ||
| 100 | _aমুস্তফা,আশিক | ||
| 245 |
_aজওহরলাল নেহরু / _cআশিক মুস্তফা |
||
| 260 |
_aঢাকা: _bবাংলা প্রকাশ; _c2018. |
||
| 300 |
_a95 p. : _c20 cm. |
||
| 650 |
_a Biography _zJawaharlal Nehru |
||
| 942 |
_2ddc _cBK |
||
| 999 |
_c13419 _d13419 |
||